MARC details
| 000 -LEADER |
| fixed length control field |
02939nam a22003977a 4500 |
| 001 - CONTROL NUMBER |
| control field |
104990 |
| 003 - CONTROL NUMBER IDENTIFIER |
| control field |
KnowledgeUnlatched |
| 005 - DATE AND TIME OF LATEST TRANSACTION |
| control field |
20210303104944.0 |
| 006 - FIXED-LENGTH DATA ELEMENTS--ADDITIONAL MATERIAL CHARACTERISTICS |
| fixed length control field |
m o d |
| 007 - PHYSICAL DESCRIPTION FIXED FIELD--GENERAL INFORMATION |
| fixed length control field |
cr u|||||||||| |
| 008 - FIXED-LENGTH DATA ELEMENTS--GENERAL INFORMATION |
| fixed length control field |
210129p20062020xx o u00| u ger d |
| 037 ## - SOURCE OF ACQUISITION |
| Institution to which field applies |
BiblioBoard |
| 020 ## - INTERNATIONAL STANDARD BOOK NUMBER |
| International Standard Book Number |
9783954665297 |
| 029 1# - OTHER SYSTEM CONTROL NUMBER (OCLC) |
| OCLC library identifier |
https://library.biblioboard.com/ext/api/media/2454139a-ecf4-42a7-be1f-b71807c517c8/assets/thumbnail.jpg |
| 040 ## - CATALOGING SOURCE |
| Original cataloging agency |
ScCtBLL |
| Transcribing agency |
ScCtBLL |
| 100 1# - MAIN ENTRY--PERSONAL NAME |
| Personal name |
Goebel, Jürgen W. |
| Relator term |
author. |
| 245 00 - TITLE STATEMENT |
| Title |
Biomaterialbanken - Rechtliche Rahmenbedingungen |
| Statement of responsibility, etc. |
Jürgen W. Goebel, Rainer Paslack, Michael Krawczak. |
| 264 #1 - PRODUCTION, PUBLICATION, DISTRIBUTION, MANUFACTURE, AND COPYRIGHT NOTICE |
| Name of producer, publisher, distributor, manufacturer |
MWV Medizinisch Wissenschaftliche Verlagsgesellschaft, |
| 300 ## - PHYSICAL DESCRIPTION |
| Extent |
1 online resource (1 p.) |
| 490 1# - SERIES STATEMENT |
| Series statement |
Schriftenreihe der TMF - Technologie- und Methodenplattform für die vernetzte medizinische Forschung e.V. |
| 506 0# - RESTRICTIONS ON ACCESS NOTE |
| Terms governing access |
Access copy available to the general public. |
| Standardized terminology for access restriction |
Unrestricted |
| Source of term |
star |
| 520 ## - SUMMARY, ETC. |
| Summary, etc. |
Der Aufbau und Betrieb von großen Biomaterialbanken wird zunehmend wichtiger: Materialbanken, die Proben langfristig für medizinisch-wissenschaftliche Analysen verfügbar machen, bieten ein großes Potential für die Klärung drängender Fragen der medizinischen Forschung. Dies gilt besonders, wenn die Proben mit Daten zum Erkrankungsverlauf der jeweiligen Patienten zusammengeführt werden. Die zunehmende Vernetzung in der biomedizinischen Forschung führt auch zum Aufbau übergreifender Daten- und Probensammlungen. Dabei stellt sich eine Vielzahl von rechtlichen und organisatorischen Fragen, für die in Deutschland bisher eine eindeutige Regelung fehlte. Die TMF hat diese Fragen aufgegriffen und in einem interdisziplinären Projekt viele Aspekte geklärt, die den Forschern nun in Form von Handlungsleitfäden und Mustertexten an die Hand gegeben werden. Der vorliegende zweite Band der TMF-Schriftenreihe beleuchtet aus juristischer Sicht die rechtlichen Rahmenbedingungen für den Aufbau und Betrieb von Biomaterialbanken: umfassendes Rechtsgutachten; Zusammenstellung der Rechtsvorschriften; Musterverträge können von der TMF zur Verfügung gestellt werden. |
| 588 0# - SOURCE OF DESCRIPTION NOTE |
| Source of description note |
Description based on print version record. |
| 590 ## - LOCAL NOTE (RLIN) |
| Local note |
KU Open Services |
| 650 #7 - SUBJECT ADDED ENTRY--TOPICAL TERM |
| Topical term or geographic name entry element |
Medical / Research |
| Source of heading or term |
bisacsh |
| 650 #0 - SUBJECT ADDED ENTRY--TOPICAL TERM |
| Topical term or geographic name entry element |
Medicine |
| 655 #0 - INDEX TERM--GENRE/FORM |
| Genre/form data or focus term |
Electronic books. |
| 700 1# - ADDED ENTRY--PERSONAL NAME |
| Personal name |
Paslack, Rainer |
| Relator term |
author. |
| 700 1# - ADDED ENTRY--PERSONAL NAME |
| Personal name |
Krawczak, Michael |
| Relator term |
author. |
| 758 ## - |
| -- |
Is found in: |
| -- |
Knowledge Unlatched |
| -- |
https://openresearchlibrary.org/module/2774bc74-146a-484f-a7ba-ab1d6a09bbfb |
| 830 0# - SERIES ADDED ENTRY--UNIFORM TITLE |
| Uniform title |
Schriftenreihe der TMF - Technologie- und Methodenplattform für die vernetzte medizinische Forschung e.V. |
| 856 40 - ELECTRONIC LOCATION AND ACCESS |
| Uniform Resource Identifier |
<a href="https://openresearchlibrary.org/content/2454139a-ecf4-42a7-be1f-b71807c517c8">https://openresearchlibrary.org/content/2454139a-ecf4-42a7-be1f-b71807c517c8</a> |
| Public note |
View this content on Open Research Library. |
| -- |
0 |